| 000 | 00609nam a22001817a 4500 | ||
|---|---|---|---|
| 005 | 20231120135326.0 | ||
| 008 | 231120b |||||||| |||| 00| 0 eng d | ||
| 020 | _a0702109738 | ||
| 041 | _aEnglish | ||
| 082 | _a343.4 SIL | ||
| 100 |
_aSilke, AS ; Divaris, C and Stein ML _lEnglish |
||
| 245 |
_a1978/79 Supplement to Silke on South African Income Tax / _cAS Silke, C Divaris and ML Stein |
||
| 250 | _aNinth Edition | ||
| 260 |
_aCape Town : _bJuta and Company Ltd, _c1978 |
||
| 300 |
_bvii, 382 pages ; _c25 cm. |
||
| 650 |
_aLegal practice _bLaw |
||
| 942 |
_cBK _6ALISON_BN_VRIES |
||
| 999 |
_c806 _d806 |
||